000 00725nam a2200205 a 4500
001 BRCA_2889
005 20190320204021.0
008 111208s1953----mx-p---###---#000-0#spa-#
050 4 _aHF5681
_b.W54 1953
100 1 _aWiechers Luna, Luciano
_98052
245 1 0 _aEl superavit
_bnaturaleza, registro contable y presentación en los estados financieros
_cLuciano Wiechers Luna.
260 _aMéxico
_bL. Wiechers Luna
_c1953
300 _a93 h.
_bil.
_c20 cm.
500 _aAA36
502 _aTesis (Contador publico y auditor) - Universidad Nacional Autónoma de México, 1953
502 _aTesis inventariada por Banco de México como libro
650 1 4 _aSuperavit (Contabilidad)
_98053
902 _aGFM
942 _2lcc
_cB
999 _c2628
_d2628